000 01097cam a2200217 4500
001 WB3633-16
008 000000n2000 000 0 eng u
035 _a(Sirsi) u107977
245 _aAim to redress skills gap
260 _c2000
490 _aConstruction News
_v(6679) 17 August 2000, 5(1)
520 _aIn September the Construction Industry Training Board (CITB), the Construction Industry Council (CIC) and the Construction Confederation meet to develop 'work-related' foundation courses aimed at solving the skills shortage in the industry. Latest figures from the Universities and Colleges Admissions Services reveal that applicants to construction and civil engineering courses dropped by about 40% between 1994-1999. Contact the CIC on 020 7323 9312 for information on attending the workshop.
590 _aWB
650 _aSKILLS SHORTAGE
650 _aCONSTRUCTION INDUSTRY TRAINING BOARD
650 _aCONSTRUCTION CONFEDERATION
650 _aCONSTRUCTION INDUSTRY COUNCIL
650 _aCONSTRUCTION INDUSTRY
690 _aCAREERS, EDUCATION AND TRAINING
942 _n0
999 _c64506
_d64506